Pracovní skupina - základ moderní organizace

Štruktúra skupiny. Skupiny zamerané na riešenie problémov a výchovu pracovníkov. Projektové skupiny. Autonómne pracovné skupiny.

Gespeichert in:
Bibliographische Detailangaben
1. Verfasser: Hüttlová, Eva
Weitere Verfasser: Růžička, Jiří
Format: Buchkapitel
Sprache:Tschechisch
Schlagworte:
Tags: Tag hinzufügen
Keine Tags, Fügen Sie das erste Tag hinzu!

MARC

LEADER 00000naa a2200000 4500
001 r000534
005 20220516132346.8
041 0 |a cze 
044 |a CZ 
245 1 0 |a Pracovní skupina - základ moderní organizace  |c Eva Hüttlová, Jiří Růžička 
520 |a Štruktúra skupiny. Skupiny zamerané na riešenie problémov a výchovu pracovníkov. Projektové skupiny. Autonómne pracovné skupiny. 
610 2 0 |a organizácia práce 
610 2 0 |a skupiny pracovné 
610 2 0 |a organizácia podniku 
610 2 0 |a výchova odborná 
100 1 |a Hüttlová, Eva 
700 1 |a Růžička, Jiří